Differences in criminal behavior and court responses among juvenile and young adult defendants

Saved in:  
Bibliographic Details
Main Author: Greenwood, Peter W. (Author)
Format: Print Article
Language:English
Published: University of Chicago Press 1986
In:Enthalten in: Crime and Justice: An Annual Review of Research 7(1986), Seite 151-187
Check availability: HBZ Gateway

MARC

LEADER 00000caa a22000002c 4500
001 1912513536
003 DE-627
005 20250128054955.0
007 tu
008 241217s1986 xx ||||| 00| ||eng c
035 |a (DE-627)1912513536 
035 |a (DE-599)KXP1912513536 
040 |a DE-627  |b ger  |c DE-627  |e rda 
041 |a eng 
084 |a 2,1  |2 ssgn 
100 1 |a Greenwood, Peter W.  |e VerfasserIn  |0 (DE-588)170795500  |0 (DE-627)060930284  |0 (DE-576)164756477  |4 aut 
109 |a Greenwood, Peter W.  |a Greenwood, Peter 
245 1 0 |a Differences in criminal behavior and court responses among juvenile and young adult defendants 
264 1 |b University of Chicago Press  |c 1986 
336 |a Text  |b txt  |2 rdacontent 
337 |a ohne Hilfsmittel zu benutzen  |b n  |2 rdamedia 
338 |a Band  |b nc  |2 rdacarrier 
773 0 8 |i Enthalten in  |t Crime and Justice: An Annual Review of Research  |g 7(1986), Seite 151-187 
773 1 8 |g volume:7  |g year:1986  |g pages:151-187 
787 0 8 |i Forschungsdaten  |a Shannonn, Lyle W.  |t Patterns of Drug Use and Their Relation to Improving Prediction of Patterns of Delinquency and Crime in Racine, Wisconsin, 1961-1988  |d [Erscheinungsort nicht ermittelbar] : [Verlag nicht ermittelbar], 1992  |w (DE-627)1840063793 
787 0 8 |i Forschungsdaten  |a Rand Corporation  |t Survey of Jail and Prison Inmates, 1978: California, Michigan, Texas  |d [Erscheinungsort nicht ermittelbar] : [Verlag nicht ermittelbar], 1984  |w (DE-627)1840068477 
787 0 8 |i Forschungsdaten  |a Farrington, David, 1944 - 2024  |t Cambridge Study in Delinquent Development (Great Britain), 1961-1981  |d [Erscheinungsort nicht ermittelbar] : [Verlag nicht ermittelbar], 1986  |w (DE-627)1840065613 
935 |a mkri 
951 |a AR 
ELC |b 1 
LOK |0 000 xxxxxcx a22 zn 4500 
LOK |0 001 4637479037 
LOK |0 003 DE-627 
LOK |0 004 1912513536 
LOK |0 005 20241217044326 
LOK |0 008 241217||||||||||||||||ger||||||| 
LOK |0 035   |a (DE-2619)ICPSR33605 
LOK |0 040   |a DE-2619  |c DE-627  |d DE-2619 
LOK |0 092   |o n 
LOK |0 852   |a DE-2619 
LOK |0 852 1  |9 00 
LOK |0 935   |a uvkn  |a nacp 
LOK |0 939   |a 17-12-24  |b l01 
ORI |a SA-MARC-krimdoka001.raw